书目信息 |
| 题名: |
美国总统经济学
|
|
| 作者: | 威克特 著 ;王水 编译 | |
| 分册: | ||
| 出版信息: | 北京 北京时代华文书局 2015.03 |
|
| 页数: | 326页 | |
| 开本: | 24cm | |
| 丛书名: | ||
| 单 册: | ||
| 中图分类: | F171.295 | |
| 科图分类: | ||
| 主题词: | 经济史--jing ji shi--美国--1928-1942 | |
| 电子资源: | ||
| ISBN: | 978-7-80769-932-3 | |
| 000 | 01227nam0 2200289 450 | |
| 001 | 0100195308 | |
| 005 | 20201116162904.19 | |
| 010 | @a978-7-80769-932-3@b精装@dCNY46.00 | |
| 100 | @a20150212d2015 em y0chiy50 ea | |
| 101 | 1 | @achi@ceng |
| 102 | @aCN@b110000 | |
| 105 | @ay z 000yy | |
| 106 | @ar | |
| 200 | 1 | @a美国总统经济学@Amei guo zong tong jing ji xue@f(美) 迪克逊·威克特著@F( mei ) di ke xun wei ke te zhu@g王水编译@Gwang shui bian yi |
| 210 | @a北京@c北京时代华文书局@d2015.03 | |
| 215 | @a326页@d24cm | |
| 312 | @a封面其他题名: 美元从谷底到巅峰背后的总统助推力 | |
| 330 | @a本书阐述了1928-1942年间, 美国经济大萧条时候, 不同政治策略、不同施政理念, 以及在关系国计民生等问题方面, 几项主要政策的制定过程、实施办法和发挥的影响力。主要内容包括: 改革前夕: 旧道路陷入困境 ; 两种施政理念争夺领导权等。 | |
| 517 | 1 | @a美元从谷底到巅峰背后的总统助推力@Amei yuan cong gu di dao dian feng bei hou de zong tong zhu tui li |
| 540 | @a美国总统经济学 | |
| 606 | 0 | @a经济史@Ajing ji shi@y美国@z1928-1942 |
| 690 | @aF171.295@v5 | |
| 701 | 1 | @a威克特@Awei ke te@g(Wecter, Dixon)@4著 |
| 702 | 0 | @a王水@Awang shui@4编译 |
| 801 | @aCN | |
| 901 | @a18 | |
| 905 | @eW499@dF171.295@a河南城建学院图书馆@b1275322-4@f3 | |
| 美国总统经济学/(美) 迪克逊·威克特著/王水编译.-北京:北京时代华文书局,2015.03 |
| 326页;24cm |
| ISBN 978-7-80769-932-3(精装):CNY46.00 |
| 本书阐述了1928-1942年间, 美国经济大萧条时候, 不同政治策略、不同施政理念, 以及在关系国计民生等问题方面, 几项主要政策的制定过程、实施办法和发挥的影响力。主要内容包括: 改革前夕: 旧道路陷入困境 ; 两种施政理念争夺领导权等。 |
| ● |
| 相关链接 |
|
|
|
正题名:美国总统经济学
索取号:F171.295/W499
 
预约/预借
| 序号 | 登录号 | 条形码 | 馆藏地/架位号 | 状态 | 备注 |
| 1 | 1275322 | 212753220 | 社科库409/409社科库 71排4列3层/ [索取号:F171.295/W499] | 在馆 | |
| 2 | 1275323 | 212753237 | 社科库409/409社科库 71排4列3层/ [索取号:F171.295/W499] | 在馆 | |
| 3 | 1275324 | 212753244 | 社科库409/409社科库 71排4列3层/ [索取号:F171.295/W499] | 在馆 |